000
00333nam a2200133Ia 4500
008
231011s9999 xx 000 0 und d
041
_a
eng
100
_a
Gryna Frank M
245
_a
Jurans Quality Planning and Analysis
250
_a
5 th
260
_b
Tata Mcgrawhill Pub Co, New Delhi -
_c
2010
300
_a
774
365
_b
380
999
_c
892060
_d
892060